| 000 | 00340nam a22001097a 4500 | ||
|---|---|---|---|
| 082 | _a666.1 WEY'C | ||
| 100 |
_aWEYL, WOLDEMAR A _956938 |
||
| 245 | _aTHE CONSTITUTION OF GLASSES A DYNAMIC INTERTATION PART-1 CONSTITUTION AND PROPERTIES OF SOME REPRESENTATIVE GLASSES | ||
| 250 | _aVOL-2 | ||
| 260 |
_aNEWYORK _bJOHN WILEY _c1964 |
||
| 942 | _cBK | ||
| 999 |
_c567253 _d567253 |
||